| 000 -LEADER | |
|---|---|
| fixed length control field | 00368nam a22001577a 4500 |
| 005 - DATE AND TIME OF LATEST TRANSACTION | |
| control field | 20180412165928.0 |
| 008 - FIXED-LENGTH DATA ELEMENTS--GENERAL INFORMATION | |
| fixed length control field | 160624b xxu||||| |||| 00| 0 eng d |
| 041 ## - LANGUAGE CODE | |
| Language code of text/sound track or separate title | eng |
| 082 ## - DEWEY DECIMAL CLASSIFICATION NUMBER | |
| Item number | 9710 |
| Classification number | 348 |
| 100 ## - MAIN ENTRY--AUTHOR NAME | |
| Personal name | Bangia, R.K. |
| 245 ## - TITLE STATEMENT | |
| Title | Indian Partnership Act |
| 260 ## - PUBLICATION, DISTRIBUTION, ETC. (IMPRINT) | |
| Name of publisher | Allahabad Law Agency |
| Year of publication | 2004 |
| 300 ## - PHYSICAL DESCRIPTION | |
| Number of Pages | 151 |
| 650 ## - SUBJECT ADDED ENTRY--TOPICAL TERM | |
| Topical Term | Management |
| 942 ## - ADDED ENTRY ELEMENTS (KOHA) | |
| Koha item type | Books |
| Lost status | Damaged status | Collection code | Home library | Shelving location | Date acquired | Cost, normal purchase price | Full call number | Accession Number | Koha item type |
|---|---|---|---|---|---|---|---|---|---|
| LAW | JRU Library | SHELF-31-D | 24/06/2016 | 65.00 | 348 | 9710 | Books | ||
| LAW | JRU Library | SHELF-31-D | 24/06/2016 | 65.00 | 348 | 9711 | Books | ||
| LAW | JRU Library | SHELF-31-D | 24/06/2016 | 65.00 | 348 | 9712 | Books | ||
| LAW | JRU Library | SHELF-31-D | 24/06/2016 | 65.00 | 348 | 9713 | Books | ||
| LAW | JRU Library | SHELF-31-D | 24/06/2016 | 65.00 | 348 | 9714 | Books | ||
| LAW | JRU Library | SHELF-31-D | 24/06/2016 | 65.00 | 348 | 9715 | Books | ||
| LAW | JRU Library | SHELF-31-D | 24/06/2016 | 65.00 | 348 | 9716 | Books | ||
| LAW | JRU Library | SHELF-31-D | 24/06/2016 | 65.00 | 348 | 9717 | Books | ||
| LAW | JRU Library | SHELF-31-D | 24/06/2016 | 65.00 | 348 | 9718 | Books | ||
| LAW | JRU Library | SHELF-31-D | 24/06/2016 | 65.00 | 348 | 9719 | Books | ||
| LAW | JRU Library | SHELF-31-D | 24/06/2016 | 65.00 | 348 | 9720 | Books | ||
| LAW | JRU Library | SHELF-31-D | 24/06/2016 | 65.00 | 348 | 9721 | Books | ||
| LAW | JRU Library | SHELF-31-D | 24/06/2016 | 65.00 | 348 | 9722 | Books | ||
| LAW | JRU Library | SHELF-31-D | 24/06/2016 | 65.00 | 348 | 9723 | Books |